000 00560nam a22002417a 4500
003 UA-OsUOA
001 94183
007 ta
008 20130206b un ||||| |||| 00| 0 ukr d
100 _aГоловин Г.
090 _a821.161.1
_bГ61
942 _cBK
040 _aUA-OsUOA
_brus
_cUA-OsUOA
_dUA-OsUOA
245 _aИсправленные ошибки
_bповести
300 _a478 с.
955 _a3
041 _arus
080 _a821.161.1
260 _aК.
_bДніпро
_c1989
044 _aRU
650 7 _2UDC
999 _c380417
_d380417